China furniture outlook edition July 2010 & Malaysia furniture outlook edition June 2010.
| Format: | Book |
|---|---|
| Published: |
Milano:
CSIL,
2010.
|
| LEADER | 00303cam a2200085 7i4500 | ||
|---|---|---|---|
| 001 | 0000025440 | ||
| 005 | 20101222090000.0 | ||
| 245 | 0 | 0 | |a China furniture outlook edition July 2010 & Malaysia furniture outlook edition June 2010. |
| 260 | 0 | 0 | |a Milano: |b CSIL, |c 2010. |
| 999 | |a CDR001010H |b CD-ROM |c AV Collection |e Business Information Centre | ||